[Event "North Island-ch Staurt Memorial"]
[Site "Auckland"]
[Date "2023.07.14"]
[Round "4"]
[White "Powlesland, Brogan"]
[Black "Po`E Tofaeono, Hunter"]
[Result "1-0"]
[WhiteElo "1357"]
[BlackElo "1583"]
[PlyCount "94"]
[EventDate "2023.07.13"]
[EventType "swiss"]
[EventRounds "8"]
[EventCountry "NZL"]
[SourceTitle "EXT 2024"]
[Source "ChessBase"]
[SourceDate "2023.10.10"]
[SourceVersion "1"]
[SourceVersionDate "2023.10.10"]
[SourceQuality "1"]

1. d4 Nf6 2. c4 g6 3. f3 Bg7 4. e4 d6 5. Nc3 0-0 6. Be3 e5 7. d5 a5 8. Qd2 Na6 9. Bh6 Nc5 10. h4 Nh5 11. Bxg7 Kxg7 12. g4 Nf4 13. 0-0-0 Qf6 14. g5 Qe7 15. Bh3 Bxh3 16. Nxh3 Ncd3+ 17. Kb1 Nxh3 18. Rxh3 Nf4 19. Rh2 f5 20. gxf6+ Qxf6 21. Rg1 Nh5 22. Rhg2 Qf4 23. Qxf4 Rxf4 24. Nb5 Rc8 25. Kc2 Rf6 26. Kb3 Nf4 27. Rh2 Nd3 28. Rh3 Nf4 29. Rh2 Nd3 30. Rh3 Nf2 31. Rhg3 Rcf8 32. Nxc7 Rxf3+ 33. Ka4 Nxe4 34. Ne6+ Kg8 35. Rg4 Nc5+ 36. Nxc5 dxc5 37. Re4 R3f4 38. Rge1 R8f6 39. Kxa5 Rf2 40. R1e2 R2f4 41. Kb5 Rxe4 42. Rxe4 b6 43. Rxe5 Kf7 44. Ka6 h6 45. Kb7 Rf5 46. Rxf5+ gxf5 47. d6 Ke6 1-0